| 000 | 01113nam a2200301 c 4500 | ||
|---|---|---|---|
| 999 |
_c188434 _d188434 |
||
| 003 | BLK | ||
| 005 | 20250318005547.0 | ||
| 008 | 180411b bul|||||r ||||||| ||bul|| | ||
| 010 | _aKNG00197452000 | ||
| 040 | _aBLK | ||
| 041 |
_aBUL _cBUL |
||
| 080 |
_aБългарска литература _b821.163.2 _x-4 _z821.163.2-4 |
||
| 100 |
_aХайтов, Николай Александров _d1919-2002 _gПисател. Драматург. _9431013 |
||
| 139 |
_aХайтов, Николай Александров _bХ 21 |
||
| 245 | 1 | 0 |
_aИстини в сянка _bСтатии, есета, интервюта _cНиколай Александров Хайтов. |
| 257 | _aBGR | ||
| 260 |
_bБълг. писател _c1987 _fВ. Търново : Д. Найденов |
||
| 300 |
_a248 с. _c21 см |
||
| 380 | _aX | ||
| 500 | _a11 112 тир. | ||
| 852 | _aЦб 151326 | ||
| 856 | 4 |
_qpdf _i0.00 _ldisable |
|
| 856 | 4 |
_qpdf _i0.00 _ldisable |
|
| 942 |
_cKNG _n0 _s1 |
||
| 944 |
_aCR _c06.12.2016 _k _lCRON CRON |
||
| 944 |
_aED _c06.12.2016 _kГрета_Цуфелде |
||
| 999 | _d188434 | ||